Designing bots : (Record no. 195861)

MARC details
000 -LEADER
fixed length control field 00714nam a2200229Ia 4500
003 - CONTROL NUMBER IDENTIFIER
control field OSt
005 - DATE AND TIME OF LATEST TRANSACTION
control field 20260228113201.0
008 - FIXED-LENGTH DATA ELEMENTS--GENERAL INFORMATION
fixed length control field 210716s2017 xx 000 0 und d
020 ## - INTERNATIONAL STANDARD BOOK NUMBER
International Standard Book Number 9789352135592
040 ## - CATALOGING SOURCE
Transcribing agency AIMIT LIBRARY
041 ## - LANGUAGE CODE
Language code of text/sound track or separate title eng
082 ## - DEWEY DECIMAL CLASSIFICATION NUMBER
Classification number 384.3
Edition number 1
Item number SHEA
100 ## - MAIN ENTRY--PERSONAL NAME
Personal name Shevat, Amir.
9 (RLIN) 257167
245 ## - TITLE STATEMENT
Title Designing bots :
Remainder of title creating conversational experiences /
Statement of responsibility, etc. By Amir Shevat.
250 ## - EDITION STATEMENT
Edition statement 1st ed.
260 ## - PUBLICATION, DISTRIBUTION, ETC.
Place of publication, distribution, etc. New Delhi :
Name of publisher, distributor, etc. Shroff Publications and Distributers Pvt Ltd ,
Date of publication, distribution, etc. 2017.
300 ## - PHYSICAL DESCRIPTION
Extent xv,328p. ;
Other physical details PB
Dimensions 23.5 cm
650 ## - SUBJECT ADDED ENTRY--TOPICAL TERM
Topical term or geographic name entry element Major platforms
9 (RLIN) 257168
650 ## - SUBJECT ADDED ENTRY--TOPICAL TERM
Topical term or geographic name entry element Artificial intelligence
9 (RLIN) 257169
650 ## - SUBJECT ADDED ENTRY--TOPICAL TERM
Topical term or geographic name entry element Rich interactions
9 (RLIN) 257170
942 ## - ADDED ENTRY ELEMENTS (KOHA)
Source of classification or shelving scheme Dewey Decimal Classification
Koha item type Book
Edition 1st
Call number prefix 384.3 SHEA
Holdings
Withdrawn status Lost status Damaged status Not for loan Collection code Home library Current library Source of acquisition Cost, normal purchase price Total Checkouts Full call number Barcode Date last seen Cost, replacement price Price effective from Koha item type
        MCA St Aloysius Institute of Management & Information Technology St Aloysius Institute of Management & Information Technology Shroff Publishers 775.00   384.3 SHEA MCA15374 05/23/2026 581.25 07/16/2021 Book